Представление документа в формате MARC21

Поле Инд. ПП Название Значение
Тип записи a
Библиографический уровень m
001 Контрольный номер UNIDUBNA8642df65581a46e0986055ab7ac32f8a
005 Дата корректировки 20251101121339.8
008 Кодируемые данные 20140122
020 a ISBN 9785160194790
040 b Код языка каталог. rus
e Правила каталог. PSBO
041 0_ a Код языка текста rus
084 a Индекс другой классификации/Индекс ББК 67.401(2Рос)я73; 67.401.02(2Рос)я73; ; 67.401.03(2Рос)я73; 65.050.14я73; 65.050.23я73; 67.400.7(2Рос)я73; 67.404(2Рос)я73; 67.404.2(2Рос)я73; 65.01я73; 65.050.0я73; 67.0я73; 65.050.2я73; 65.050.11я73
100 1_ a Автор Захаров Н. И.
100 1_ a Автор Попов В. Д.
100 1_ a Автор Есин В. А.
100 1_ a Автор Шитова Ю. Ю.
q Полное имя Шитова Юлия Юрьевна
100 1_ a Автор Янковская В. В.
q Полное имя Янковская Вероника Владимировна
100 1_ a Автор Кинаш-Точеная Т. И.
100 1_ a Автор Прислонов Н. Н.
q Полное имя Прислонов Николай Николаевич
100 1_ a Автор Артемьев А. Ю.
100 1_ a Автор Мельникова Н. С.
100 1_ a Автор Дзюба С. Ф.
q Полное имя Дзюба Сергей Федорович
100 1_ a Автор Анохина Н. М.
245 10 a Заглавие Государственное и муниципальное управление
b Продолж. заглавия учебник
c Ответственность под редакцией Н. И. Захарова; рецензенты В. И. Корниенко, П. Н. Киричек
260 a Место издания Москва
b Издательство ИНФРА-М
c Дата издания 2024
300 a Объем 289 с.
336 a Термин вида содержания Текст
337 a Термин типа средства электронный
440 _0 a Серия Высшее образование
500 a Примечание Серия основана в 1996 году
a Примечание Соответствует Федеральному государственному образовательному стандарту высшего профессионального образования третьего поколения
504 a Библиография Рек. лит. - Норм. документы
521 0_ a Примеч. о целев. назн. бакалавриат
650 14 a Основная рубрика административное право
a Основная рубрика право
653 0_ a Ключевые слова администрация муниципального образования
a Ключевые слова бюджетная политика
a Ключевые слова виды должностей
a Ключевые слова глава муниципального образования
a Ключевые слова государственная политика
a Ключевые слова государственная служба
a Ключевые слова государственное управление
a Ключевые слова государственность
a Ключевые слова государственные служащие
a Ключевые слова государство
a Ключевые слова гражданские правоотношения
a Ключевые слова гражданские служащие
a Ключевые слова гражданско-правовая ответственность
a Ключевые слова гражданское право
a Ключевые слова должности
a Ключевые слова инвестиционная политика
a Ключевые слова инновационное управление
a Ключевые слова кадровый потенциал
a Ключевые слова карьерный рост
a Ключевые слова конституционно-правовая ответственность
a Ключевые слова конституционно-правовые нормы
a Ключевые слова конституционное право (государственное право)
a Ключевые слова конституция
a Ключевые слова маркетинг
a Ключевые слова маркетинговые стратегии
a Ключевые слова межбюджетные отношения
a Ключевые слова местная администрация
a Ключевые слова местное самоуправление
a Ключевые слова местный бюджет
a Ключевые слова местные финансы
a Ключевые слова метод конституционного права
a Ключевые слова методы инновационного управления
a Ключевые слова молодежное предпринимательство
a Ключевые слова муниципальная служба
a Ключевые слова муниципальное управление
a Ключевые слова муниципальные должности
a Ключевые слова муниципальные служащие
a Ключевые слова налоговая политика
a Ключевые слова налоговые инспекторы
a Ключевые слова неналоговые доходы
a Ключевые слова объекты гражданского права
a Ключевые слова организационное обеспечение
a Ключевые слова органы местного самоуправления
a Ключевые слова особая экономическая зона
a Ключевые слова пенсионная система
a Ключевые слова повышение квалификации
a Ключевые слова полномочия органов власти
a Ключевые слова правовой статус
a Ключевые слова предпринимательство
a Ключевые слова пространственно-территориальный маркетинг
a Ключевые слова региональная политика
a Ключевые слова региональное развитие
a Ключевые слова регионы
a Ключевые слова роль государства
a Ключевые слова Российская Федерация
a Ключевые слова Россия
a Ключевые слова рыночная экономика
a Ключевые слова социальная политика
a Ключевые слова социальная сфера
a Ключевые слова социально-экономическая безопасность
a Ключевые слова социальное расслоение
a Ключевые слова социальное страхование
a Ключевые слова социальные стандарты
a Ключевые слова субъекты гражданского права
a Ключевые слова теория управления
a Ключевые слова территория
a Ключевые слова труд
a Ключевые слова трудовое право
a Ключевые слова финансовая политика
a Ключевые слова экономическая политика
a Ключевые слова экономическая эффективность
655 a Жанр/ форма (устаревшее) учебное пособие
700 12 a Автор Корниенко В. И.
e Роль лиц рецензент
700 1_ a Автор Киричек П. Н.
e Роль лиц рецензент
787 18 w Контрольный номер связываемой записи RU/IS/BASE/443723093
856 40 a Имя сервера/домена ЭБС ZNANIUM
d Путь http://znanium.ru/
i Указания/сценарий входа Доступ по логину и паролю
u URL https://znanium.ru/catalog/product/2036540
v Время доступа к ресурсу 31.12.2025
y Справочный текст Электронная версия
900 a Имя электронного ресурса obl_Popov_Gosudarstvennoe
x Справочная информация Обложка
901 t Тип документа 0
952 a Тип литературы для КСУ ВШ УИ
954 a Гриф 1.2.2.653